Dutchess County Cities/Towns - Statistics

General Stats
  • This quiz has been taken 157 times
  • The average score is 10 of 22
Answers on the Map
Answers color-coded by a green-red scale on the quiz's map according to % correct below.
 
Answer Stats
Answer % Correct
Poughkeepsie(Town)
68%
Poughkeepsie(City)
65%
Hyde Park
58%
Rhinebeck
58%
Beacon
55%
North East
55%
East Fishkill
52%
Milan
52%
Pine Plains
52%
Wappinger
48%
Beekman
45%
La Grange
45%
Red Hook
45%
Pawling
42%
Fishkill
39%
Pleasant Valley
39%
Stanford
39%
Union Vale
39%
Amenia
32%
Clinton
32%
Dover
32%
Washington
32%
No matching quizzes found
Score Distribution
Percent of People with Each Score
Percentile by Number Answered
Your Score History
You have not taken this quiz